[Event "CHN-chT"]
[Site "Beijing"]
[Date "2012.09.22"]
[Round "11"]
[White "Wang, Rui"]
[Black "Ding, Liren"]
[Result "0-1"]
[WhiteElo "2407"]
[BlackElo "2660"]
[PlyCount "68"]
[EventDate "2012.04.28"]
[EventType "team-tourn"]
[EventRounds "22"]
[EventCountry "CHN"]
[SourceTitle "EXT 2013"]
[Source "ChessBase"]
[SourceDate "2012.11.22"]
[SourceVersion "1"]
[SourceVersionDate "2012.11.22"]
[SourceQuality "1"]
[WhiteTeam "Hebei"]
[BlackTeam "Zhejiang"]
[WhiteTeamCountry "CHN"]
[BlackTeamCountry "CHN"]

1. d4 Nf6 2. c4 g6 3. Nc3 Bg7 4. e4 d6 5. f4 0-0 6. Nf3 c5 7. d5 e6 8. Be2 exd5 9. cxd5 Re8 10. Nd2 Ng4 11. Bxg4 Qh4+ 12. g3 Qxg4 13. Qxg4 Bxg4 14. Nb5 Na6 15. h3 Rxe4+ 16. Nxe4 Bf3 17. 0-0 Bxe4 18. Nxd6 Bxd5 19. Rd1 Bd4+ 20. Kh2 Nc7 21. f5 Rd8 22. Bf4 g5 23. Nxf7 Re8 24. Nh6+ Kg7 25. Rxd4 gxf4 26. Rxf4 Re2+ 27. Kg1 Kxh6 28. Rf2 Re3 29. Kh2 Nb5 30. Rc1 b6 31. g4 Kg5 32. f6 Kh4 33. Kg1 Nd4 34. f7 Nf3+ 0-1

[Event "CHN-chT"]
[Site "Beijing"]
[Date "2012.06.29"]
[Round "7"]
[White "Yu, Ruiyuan"]
[Black "Wang, Rui"]
[Result "1/2-1/2"]
[WhiteElo "2511"]
[BlackElo "2407"]
[PlyCount "60"]
[EventDate "2012.04.28"]
[EventType "team-tourn"]
[EventRounds "22"]
[EventCountry "CHN"]
[SourceTitle "EXT 2013"]
[Source "ChessBase"]
[SourceDate "2012.11.22"]
[SourceVersion "1"]
[SourceVersionDate "2012.11.22"]
[SourceQuality "1"]
[WhiteTeam "Jiangsu"]
[BlackTeam "Hebei"]
[WhiteTeamCountry "CHN"]
[BlackTeamCountry "CHN"]

1. e4 d6 2. d4 Nf6 3. Nc3 e5 4. Nf3 Nbd7 5. Bc4 Be7 6. 0-0 0-0 7. Re1 c6 8. a4 a5 9. h3 Qc7 10. Be3 h6 11. Ba2 Re8 12. Nh4 Nf8 13. Qf3 Be6 14. dxe5 dxe5 15. Nf5 Bxa2 16. Rxa2 Ne6 17. Ne2 Ng5 18. Bxg5 hxg5 19. Qe3 Nh5 20. Raa1 g6 21. Nxe7+ Qxe7 22. Qc3 Qb4 23. Qxb4 axb4 24. Red1 Red8 25. b3 Kf8 26. Kf1 Ke7 27. Ke1 Nf4 28. Nxf4 gxf4 29. Rxd8 Rxd8 30. Rd1 Ra8 1/2-1/2

[Event "CHN-chT"]
[Site "Beijing"]
[Date "2012.04.29"]
[Round "2.1"]
[White "Wang, Rui"]
[Black "Liu, Qingnan"]
[Result "1/2-1/2"]
[WhiteElo "2407"]
[BlackElo "2461"]
[PlyCount "81"]
[EventDate "2012.04.28"]
[EventType "team-tourn"]
[EventRounds "22"]
[EventCountry "CHN"]
[SourceTitle "EXT 2014"]
[Source "ChessBase"]
[SourceDate "2013.11.20"]
[SourceVersion "1"]
[SourceVersionDate "2013.11.20"]
[SourceQuality "1"]
[WhiteTeam "Hebei"]
[BlackTeam "Tianjin"]
[WhiteTeamCountry "CHN"]
[BlackTeamCountry "CHN"]

1. c4 g6 2. Nc3 d6 3. g3 Bg7 4. Bg2 f5 5. Rb1 a5 6. a3 Nf6 7. Nf3 0-0 8. 0-0 e5 9. d3 h6 10. b4 axb4 11. axb4 Nc6 12. b5 Ne7 13. Bb2 g5 14. Nd2 f4 15. Nde4 Ne8 16. Qb3 Be6 17. Ra1 Rb8 18. Ra7 Nf5 19. Qa4 g4 20. Nd5 Bxd5 21. cxd5 h5 22. Ra1 fxg3 23. hxg3 h4 24. Ra8 Rxa8 25. Qxa8 Qe7 26. Qc8 hxg3 27. Nxg3 Nxg3 28. fxg3 e4 29. Qxg4 exd3 30. e4 Nf6 31. Qg6 Qe8 32. Qxe8 Nxe8 33. Bxg7 Kxg7 34. Rd1 Kf6 35. Rf1+ Ke7 36. Rxf8 Kxf8 37. Kf2 Nf6 38. Ke3 Ng4+ 39. Kxd3 Ke7 40. Kd4 Kf6 41. Bh3 1/2-1/2

[Event "Qinhuangdao op 1st"]
[Site "Qinhuangdao"]
[Date "2011.10.04"]
[Round "5"]
[White "Ding, Yixin"]
[Black "Wang, Rui"]
[Result "1-0"]
[WhiteElo "2340"]
[BlackElo "2432"]
[PlyCount "81"]
[EventDate "2011.10.01"]
[EventType "swiss"]
[EventRounds "9"]
[EventCountry "CHN"]
[SourceTitle "CBM 144 Extra"]
[Source "ChessBase"]
[SourceDate "2011.10.28"]
[SourceVersion "1"]
[SourceVersionDate "2011.10.28"]
[SourceQuality "1"]

1. e4 d6 2. d4 g6 3. Nc3 Nf6 4. Be3 a6 5. Qd2 b5 6. f3 Nbd7 7. g4 Nb6 8. b3 h6 9. Nge2 Bg7 10. Ng3 Nbd7 11. h4 h5 12. g5 Nh7 13. f4 c5 14. f5 cxd4 15. Bxd4 Ne5 16. Be2 Bb7 17. 0-0-0 Nf8 18. Rhf1 Qc7 19. Nd5 Bxd5 20. exd5 Rc8 21. Kb1 Nfd7 22. Kc1 Nf8 23. Kb1 Nfd7 24. fxg6 fxg6 25. Bd3 Rg8 26. Qf2 Kd8 27. Be4 Qa5 28. Ne2 Nc5 29. Bxg6 Kc7 30. Bf5 Kb7 31. Bxc8+ Rxc8 32. Ng3 Na4 33. bxa4 Qb4+ 34. Ka1 Rc3 35. Qe1 Nd3 36. Qxe7+ Rc7 37. Qxc7+ Kxc7 38. Rf7+ Kc8 39. Bxg7 Ne1 40. Rf2 Qc5 41. Rf8+ 1-0

[Event "Kuala Lumpur op 8th"]
[Site "Kuala Lumpur"]
[Date "2011.08.23"]
[Round "7"]
[White "Wang, Rui"]
[Black "Dimakiling, Oliver"]
[Result "1-0"]
[WhiteElo "2436"]
[BlackElo "2414"]
[PlyCount "101"]
[EventDate "2011.08.18"]
[EventType "swiss"]
[EventRounds "9"]
[EventCountry "MAS"]
[SourceTitle "CBM 144 Extra"]
[Source "ChessBase"]
[SourceDate "2011.10.28"]
[SourceVersion "1"]
[SourceVersionDate "2011.10.28"]
[SourceQuality "1"]

1. d4 Nf6 2. c4 c6 3. Nc3 g6 4. e4 d6 5. f4 Bg7 6. Nf3 0-0 7. Be2 a6 8. a4 a5 9. 0-0 Na6 10. Kh1 Nb4 11. Be3 b6 12. Qd2 Ba6 13. f5 Ng4 14. Bf4 d5 15. e5 c5 16. Nxd5 Nxd5 17. cxd5 Bxe2 18. Qxe2 Qxd5 19. h3 Nh6 20. f6 exf6 21. exf6 Rfe8 22. Qd2 g5 23. Bxg5 Nf5 24. fxg7 Ng3+ 25. Kg1 Nxf1 26. Rxf1 Re4 27. Bf6 Rae8 28. dxc5 Qxc5+ 29. Qf2 Qxf2+ 30. Rxf2 h6 31. Nd4 Kh7 32. Nf5 R4e6 33. Bc3 f6 34. Rf4 h5 35. Rh4 Kg6 36. Ng3 Kxg7 37. Nxh5+ Kf7 38. Nxf6 Rc8 39. Rf4 Kg6 40. Kf2 b5 41. axb5 Rb6 42. Nd5 Rb7 43. b6 Rc5 44. Rf6+ Kh7 45. Rd6 Rb5 46. g4 a4 47. g5 Rxd5 48. Rxd5 Rxb6 49. Ra5 Kg6 50. h4 a3 51. Rxa3 1-0

[Event "Kuala Lumpur op 8th"]
[Site "Kuala Lumpur"]
[Date "2011.08.19"]
[Round "3"]
[White "Singh, Gurpreetpal"]
[Black "Wang, Rui"]
[Result "0-1"]
[WhiteElo "2295"]
[BlackElo "2436"]
[PlyCount "122"]
[EventDate "2011.08.18"]
[EventType "swiss"]
[EventRounds "9"]
[EventCountry "MAS"]
[SourceTitle "CBM 144 Extra"]
[Source "ChessBase"]
[SourceDate "2011.10.28"]
[SourceVersion "1"]
[SourceVersionDate "2011.10.28"]
[SourceQuality "1"]

1. e4 e5 2. Nf3 Nc6 3. Bb5 a6 4. Ba4 Nf6 5. 0-0 Be7 6. Bxc6 dxc6 7. d3 Nd7 8. Nbd2 0-0 9. Nc4 f6 10. Nh4 Re8 11. Nf5 Bf8 12. Qg4 Kh8 13. Qg3 Nc5 14. Be3 Ne6 15. Rad1 c5 16. Kh1 b5 17. Nd2 Qd7 18. Qh4 Qf7 19. f3 Bd7 20. Qf2 Nd4 21. Nb3 Nxf5 22. exf5 c4 23. dxc4 bxc4 24. Nc5 Bxf5 25. b3 Red8 26. Qe2 Bxc5 27. Bxc5 h6 28. Kg1 Qg6 29. Qxc4 Bxc2 30. Rxd8+ Rxd8 31. Qc3 Bf5 32. Bf2 Qf7 33. Rc1 Rd7 34. Qa5 Bd3 35. h3 Kh7 36. Kh2 Qe7 37. Bg3 Qd6 38. Rd1 Qd4 39. Rd2 c6 40. Bf2 Qd6 41. Qc5 Qe6 42. Bg3 Rd5 43. Qb4 Qd7 44. Qc3 Bb1 45. Rb2 Bf5 46. Qc4 Bd3 47. Qc3 Bg6 48. Qc4 Qb7 49. Bf2 Bd3 50. Qc3 f5 51. Rd2 Qd7 52. Be1 e4 53. fxe4 fxe4 54. Bf2 Qd6+ 55. g3 Rf5 56. Qd4 Qg6 57. g4 Rf3 58. Bg3 h5 59. Qd7 Qg5 60. Rf2 Qe3 61. Rg2 h4 0-1

[Event "Kuala Lumpur op 8th"]
[Site "Kuala Lumpur"]
[Date "2011.08.18"]
[Round "1"]
[White "Bennett, Hilton Petrie"]
[Black "Wang, Rui"]
[Result "0-1"]
[WhiteElo "1994"]
[BlackElo "2436"]
[PlyCount "94"]
[EventDate "2011.08.18"]
[EventType "swiss"]
[EventRounds "9"]
[EventCountry "MAS"]
[SourceTitle "CBM 144 Extra"]
[Source "ChessBase"]
[SourceDate "2011.10.28"]
[SourceVersion "1"]
[SourceVersionDate "2011.10.28"]
[SourceQuality "1"]

1. e4 e5 2. Nc3 Nf6 3. g3 Bc5 4. Bg2 0-0 5. Nge2 Nc6 6. 0-0 a6 7. Nd5 d6 8. h3 Nd4 9. Nxd4 Bxd4 10. c3 Ba7 11. Nxf6+ Qxf6 12. Kh2 Qe7 13. d4 f6 14. f4 Be6 15. b3 b5 16. Be3 Bf7 17. Qd2 Rad8 18. Rad1 c6 19. Qf2 Rfe8 20. dxe5 Bxe3 21. Qxe3 dxe5 22. Qb6 exf4 23. gxf4 Rxd1 24. Rxd1 Bg6 25. e5 fxe5 26. Re1 Qh4 27. Rf1 exf4 28. Qxc6 Qg3+ 29. Kh1 Bf7 30. c4 bxc4 31. bxc4 a5 32. a4 h5 33. c5 Re2 34. Qf3 Qxf3 35. Bxf3 Rc2 36. c6 Be8 37. Bd5+ Bf7 38. Bxf7+ Kxf7 39. Rxf4+ Ke6 40. Re4+ Kd6 41. Rh4 g6 42. Rf4 Rxc6 43. Kg2 Ke5 44. Rf8 Rc4 45. Rg8 Kf5 46. Rf8+ Kg5 47. Rb8 Rxa4 0-1

[Event "CHN-chT"]
[Site "Ningbo"]
[Date "2011.08.12"]
[Round "11"]
[White "Wang, Rui"]
[Black "Ma, Zhonghan"]
[Result "1/2-1/2"]
[WhiteElo "2437"]
[BlackElo "2262"]
[PlyCount "70"]
[EventDate "2011.04.12"]
[EventType "team-tourn"]
[EventRounds "18"]
[EventCountry "CHN"]
[SourceTitle "EXT 2012"]
[Source "ChessBase"]
[SourceDate "2011.11.24"]
[SourceVersion "1"]
[SourceVersionDate "2011.11.24"]
[SourceQuality "1"]
[WhiteTeam "Hebei"]
[BlackTeam "Qingdao"]
[WhiteTeamCountry "CHN"]
[BlackTeamCountry "CHN"]

1. d4 d5 2. c4 c6 3. Nf3 Nf6 4. Nc3 a6 5. c5 Nbd7 6. Bf4 Nh5 7. e3 g6 8. h4 Bg7 9. Be2 Nxf4 10. exf4 Qc7 11. Qd2 h5 12. 0-0 Nf6 13. Rfe1 Bf5 14. g3 0-0 15. Bd3 e6 16. Rac1 Rfe8 17. Kg2 Nd7 18. Na4 Nf6 19. Nc3 Nd7 20. Re3 Bxd3 21. Rxd3 b6 22. cxb6 Nxb6 23. Qd1 c5 24. dxc5 Nc4 25. Na4 Bxb2 26. Rb1 Ba3 27. Nb6 Rad8 28. Qa4 Bxc5 29. Nxc4 dxc4 30. Qxc4 Rxd3 31. Qxd3 Qa7 32. Rb2 Qa8 33. Qc4 Rc8 34. Rc2 Rc7 35. Qd3 Bd6 1/2-1/2

[Event "CHN-chT"]
[Site "Ningbo"]
[Date "2011.08.11"]
[Round "10"]
[White "Wei, Yi"]
[Black "Wang, Rui"]
[Result "1/2-1/2"]
[WhiteElo "2270"]
[BlackElo "2437"]
[PlyCount "83"]
[EventDate "2011.04.12"]
[EventType "team-tourn"]
[EventRounds "18"]
[EventCountry "CHN"]
[SourceTitle "EXT 2012"]
[Source "ChessBase"]
[SourceDate "2011.11.24"]
[SourceVersion "1"]
[SourceVersionDate "2011.11.24"]
[SourceQuality "1"]
[WhiteTeam "Jiangsu"]
[BlackTeam "Hebei"]
[WhiteTeamCountry "CHN"]
[BlackTeamCountry "CHN"]

1. e4 e5 2. Nf3 Nc6 3. Nc3 Nf6 4. Bb5 Bb4 5. 0-0 0-0 6. d3 d6 7. Bg5 Bxc3 8. bxc3 Bd7 9. Re1 h6 10. Bh4 a6 11. Ba4 Ne7 12. Bxd7 Nxd7 13. d4 Qe8 14. Bg3 f6 15. h3 Qf7 16. Qd3 Rfd8 17. Nh2 g5 18. h4 Kg7 19. Qf3 Nb6 20. Ng4 Nc4 21. Qe2 Rab8 22. Rad1 h5 23. hxg5 fxg5 24. Ne3 Nxe3 25. Qxe3 Qf6 26. dxe5 dxe5 27. Qc5 Nc6 28. Rd5 b6 29. Qc4 h4 30. Bh2 Rf8 31. Rd7+ Kg6 32. Qe2 Rf7 33. Red1 Rbf8 34. f3 a5 35. Qc4 Kh5 36. Kh1 Kh6 37. R7d3 Kg6 38. Qb5 Qe6 39. Qd5 Qf6 40. Qb5 Qe6 41. Qd5 Qf6 42. Qb5 1/2-1/2